000 04207cam a2200361 i 4500
001 16943395
003 OSt
005 20210414114456.0
008 110901t20122012enka b 001 0 eng
010 _a 2011937949
015 _aGBA9B6547
_2bnb
020 _a9781847874399 (hbk.)
020 _a1847874398 (hbk.)
020 _a9781446201015 (pbk.)
020 _a1446201015 (pbk.)
035 _a(OCoLC)ocn801844544
040 _aAU@
_beng
_cAU@
_dOCLCO
_dCGU
_dCDX
_erda
_dOSU
_dCNCGM
_dDLC
042 _alccopycat
050 0 0 _aJA85.S24
082 0 4 _a320.014
_222
245 0 4 _aThe SAGE handbook of political communication. /
_cedited by Holli A. Semetko.
260 _aLos Angeles:
_bSAGE,
_c2012.
300 _axviii,557p. :
_bills.;
_c26cm.
500 _aIncludes bibliographical references and indexes.
505 0 _aContents: Machine generated contents note: -- Entertainment Media and the Political Engagement of Citizens -- Do cosmopolitan communications threaten traditional moral values -- Political communication in a changing media environment -- Blogging and the future of news -- Political organizations and campaigning online -- Popular culture and political communication -- Government communication: An emerging field in political communication research -- What's good and bad in political communication research -- Digital media and citizenship -- Digital media and youth engagement -- The internet and citizenship: Democratic opportunity or more of the same -- Civic knowledge and audiovisual learning -- Women as political communicators: Candidates and campaigns --. The impact of negative campaigning on citizens' actions and -- Changes in European public service broadcasting: potential Consequences for political knowledge, attitudes and behavior -- Social networks, public discussion and civic engagement: A socialization perspective -- Measuring affect, emotion and mood in political communication -- Panels and the future of political communication research -- Social networks and political knowledge -- Understanding the content of news media -- Ethnography as theory and method in the study of political communication -- . Political visions: Visual studies in political communication -- News framing research: An Overview and new developments -- Dynamics in mass communication effects research -- Media, power and US foreign policy livingston -- News media and war -- The power of rhetoric: Understanding political oratory -- The power of everyday conversations: Mediating the effects of media use on policy understanding -- Leaders on the campaign trail: The impact of television news on perceptions of party leaders in British general elections -- The interdependency of mass media and social movements -- Media consolidation, fragmentation and selective exposure in the USA -- Democratization and the changing media environment in South Korea -- The changing landscape of political communications in China -- Political communication in Latin America -- Political communication and media effects in the context of new democracies of East-Central Europe -- Post-Soviet political communication -- Al-Jazeera Arabic, transnational identity and influence -- Grassroots political communication in India: Women's movements, vernacular rhetoric and street slay performance -- Political communication in post-apartheid South Africa -- Some caveats about comparative research in media studies -- Never waste a good crisis: The British phone hacking scandal and its implications for politics and the press.
520 8 _aThis handbook provides a review of the major research associated with political communication and sets the agenda for future study in this important discipline. It explores influences on political communication such as the media and technology and looks at the influences on political communication research.
650 0 _aCommunication in politics.
700 1 _aSemetko, Holli A.,
_eeditor.
700 1 _aScammell, Margaret,
_eeditor.
906 _a7
_bcbc
_ccopycat
_d2
_encip
_f20
_gy-gencatlg
942 _2lcc
_cBK
999 _c5659
_d13159